The autocad 2004 tutor for engineering graphics
Gorde:
| Egile nagusia: | |
|---|---|
| Formatua: | Liburua |
| Hizkuntza: | Undetermined |
| Argitaratua: |
New York
Thomson
2004
|
| Gaiak: | |
| Etiketak: |
Etiketa erantsi
Etiketarik gabe, Izan zaitez lehena erregistro honi etiketa jartzen!
|
| Thư viện lưu trữ: | Trung tâm Học liệu Trường Đại học Cần Thơ |
|---|
| LEADER | 00579nam a2200205Ia 4500 | ||
|---|---|---|---|
| 001 | CTU_100682 | ||
| 008 | 210402s9999 xx 000 0 und d | ||
| 020 | |c 758000 | ||
| 082 | |a 620.0042 | ||
| 082 | |b K14 | ||
| 100 | |a Kalameja, Alan J. | ||
| 245 | 4 | |a The autocad 2004 tutor for engineering graphics | |
| 245 | 0 | |c Alan J. Kalameja | |
| 260 | |a New York | ||
| 260 | |b Thomson | ||
| 260 | |c 2004 | ||
| 650 | |a Computer graphics,AutoCAD | ||
| 904 | |a Vương | ||
| 904 | |i Số PL đầy đủ 620.00420285536 | ||
| 980 | |a Trung tâm Học liệu Trường Đại học Cần Thơ | ||